|
|
|
|
| LEADER |
00000nab a2200000 a 4500 |
| 001 |
vtls000114998 |
| 003 |
SK-MaSNL |
| 005 |
20260303023917.0 |
| 008 |
140701c1982 xo 0 slo |
| 015 |
|
|
|a SNBRB19rr/mm-uuuuu
|
| 035 |
|
|
|a CL0125102
|
| 040 |
|
|
|a SNKBUCL
|b slo
|c SNKBUCL
|e AACR2
|
| 041 |
0 |
|
|a slo
|
| 044 |
|
|
|a xo
|c SK
|
| 080 |
|
|
|a 82(091):885.4"18-19"
|2 1981
|
| 080 |
|
|
|a 885.4"18-19"
|2 1981
|
| 080 |
|
|
|a 885.4(091)"18-19"
|2 1981
|
| 080 |
|
|
|a 82(091)
|2 1981
|
| 080 |
|
|
|a 885.0"18-19
|2 1981
|
| 080 |
|
|
|a 885.0(091)"18-19"
|2 1981
|
| 100 |
1 |
|
|a Šmatlák, Stanislav,
|d 1925-2008
|4 aut
|9 105135
|
| 245 |
1 |
0 |
|a Vývinové súvislosti českej a slovenskej poézie pre deti
|c Stanislav Šmatlák
|
| 650 |
0 |
7 |
|a literatúra pre deti a mládež
|2 snkbucl
|9 21893
|
| 655 |
|
7 |
|a články z novín a časopisov
|2 snkbucl
|9 267496
|
| 655 |
|
7 |
|a články z odboru literárna veda a krásna literatúra
|2 snkbucl
|9 770045
|
| 773 |
0 |
|
|t Zlatý máj
|g Roč. 25, č. 8 (1982), s. 45L1-460
|
| 850 |
|
|
|a Slovenská národná knižnica v Martine
|a MTA001
|
| 852 |
|
|
|a SNK
|b KIS3GCP
|
| 958 |
|
|
|a RK
|
| 958 |
|
|
|a CZ
|
| 958 |
|
|
|a LX
|
| 958 |
|
|
|a SK
|
| 992 |
|
|
|a RBX
|
| 999 |
|
|
|c 1637113
|d 1639043
|